Aspectos legales de la inteligencia artificial Personalidad Jurd̕ica de los Robots, Proteccin̤ de Datos y Responsabilidad Civil /

Detalles Bibliográficos
Autor principal: Herrera de las Heras, Ramn̤
Formato: eBook
Lenguaje:español
Publicado: Madrid: Dykinson, 2022
Materias:
Acceso en línea:Acceso restringido

MARC

LEADER 00000nam a22000007a 4500
005 2022072008148.0
007 cr|||| ||||
008 220720s2022 es |||||s|||| 00||0 spa d
020 |a 978-84-1122-162-7 
035 |a 36479 
040 |a vLex 
090 |c 13628  |d 13628 
100 1 |a Herrera de las Heras, Ramn̤ 
245 1 0 |a Aspectos legales de la inteligencia artificial  |h [Recurso electrn̤ico] :  |b Personalidad Jurd̕ica de los Robots, Proteccin̤ de Datos y Responsabilidad Civil /  |c Ramn̤ Herrera de las Heras 
256 |a Servicio en ln̕ea 
260 |a Madrid:  |b Dykinson,  |c 2022 
300 |a 1 recurso electrn̤ico 
500 |a El desarrollo de la inteligencia artificial en los l︢timos aǫs ha sido exponencial. Cada vez son ms̀ los procesos de nuestra vida cotidiana en los que se aplica esta tčnica. Es indudable que ello ha supuesto un avance para nuestra sociedad, pero no podemos obviar que, como todo avance, conlleva tambiň ciertos riesgos que pueden poner en peligro algunos de nuestros Derechos. Es por ello por lo que las Administraciones Pb︢licas han de establecer un marco legislativo que haga compatible ese avance con la proteccin̤ de los Derechos de los ciudadanos. Tres son las circunstancias principales que se analizan en esta monografa̕. En primer lugar, la posibilidad de dotar de personalidad jurd̕ica a los robots que usen tčnicas de inteligencia artificial. A este respecto, la doctrina se encuentra dividida entre quienes rechazan esta medida al entender que no aporta solucin̤ alguna y los que abogan por la conveniencia de dotarlos de personalidad, al entender que abrir ̀la puerta al establecimiento de impuestos a los robots y que solventar ̀la problemt̀ica de la responsabilidad civil. Precisamente esta, la responsabilidad civil, ser ̀otro de los temas que se analicen con profundidad, especialmente los cambios que se van a producir tras la ms̀ que posible aprobacin̤ del nuevo Reglamento Europeo sobre el rǧimen de responsabilidad civil en materia de inteligencia artificial. Este Reglamento establecer ̀un sistema de responsabilidad objetivo para los operadores en aquellos procesos que se consideren de alto riesgo y buscar ̀la armonizacin̤ europea en esta materia. El tercero de los temas que se abordan con detenimiento en el libro es el de los efectos que tendr ̀la inteligencia artificial en la privacidad de los ciudadanos. De este modo, el diseǫ de origen de una polt̕ica de proteccin̤ de datos basada en los principios de anonimizacin̤ o de seudonimizacin̤ se revelar ̀como un elemento esencial. 
506 1 |a Disponible solo en los productos indicados  |d vLex Global  |d vLex Global (Academic Edition, excluding Law Schools)  |d vLex Global (U.S. Academic Edition, Law Schools)  |d vLex Global (U.S. Academic Edition, excluding Law Schools)  |d vLex Global (Academic Edition, Law Schools) 
650 0 4 |a Derecho Civil  |z Espaą 
650 0 4 |a Derecho de las Nuevas Tecnologa̕s  |z Espaą 
650 0 4 |a Derecho Militar  |z Espaą 
650 0 4 |a Filosofa̕ y religin̤  |z Espaą 
740 0 |a vLex Libros (Servicio en ln̕ea) 
856 4 0 |u https://app.vlex.com/#/sources/36479  |z Acceso restringido 
942 |c BOOK 
999 0 |a Civil Law 
999 0 |a Law of New Technologies 
999 0 |a Military Law 
999 0 |a Philosophy and religion